00359pab a2200121 454500008004000000100001900040245007000059260000900129300001300138362001200151650003500163773003900198180718b1997 xxu||||| |||| 00| 0 eng d aStreeten, Paul aThe contribution of non governmental organizations to development c1997 ap.111-35 aJul-Dec aNon governmental organizations aPolitical Economy Journal of India